Macro-economics in question: the keynesian-monetarist orthodoxies and the kaleckian alternative (Record no. 49598)
[ view plain ]
| 000 -LEADER | |
|---|---|
| fixed length control field | 00750nam a2200205 a 4500 |
| 008 - FIXED-LENGTH DATA ELEMENTS--GENERAL INFORMATION | |
| fixed length control field | 120416s1982 ||||||||||||||||| || u |
| 020 ## - INTERNATIONAL STANDARD BOOK NUMBER | |
| International Standard Book Number | 0710801408 |
| 020 ## - INTERNATIONAL STANDARD BOOK NUMBER | |
| International Standard Book Number | 0710801726 |
| 050 ## - LIBRARY OF CONGRESS CALL NUMBER | |
| Classification number | HB 172.5 Saw |
| 100 ## - MAIN ENTRY--PERSONAL NAME | |
| Personal name | Sawyer, Malcolm |
| 245 10 - TITLE STATEMENT | |
| Title | Macro-economics in question: the keynesian-monetarist orthodoxies and the kaleckian alternative |
| 260 ## - PUBLICATION, DISTRIBUTION, ETC. | |
| Place of publication, distribution, etc. | Sussex |
| Name of publisher, distributor, etc. | Wheatsheaf Books |
| Date of publication, distribution, etc. | 1982 |
| 300 ## - PHYSICAL DESCRIPTION | |
| Extent | 190p.: ill. |
| 350 ## - PRICE (NR) (BK AM CF MU VM SE) [OBSOLETE] | |
| Price | 0.00 |
| 500 ## - GENERAL NOTE | |
| General note | Includes index. -Bibliography: p. [175]-187. |
| 650 ## - SUBJECT ADDED ENTRY--TOPICAL TERM | |
| Topical term or geographic name entry element | KALECKI, MICHA |
| 650 #0 - SUBJECT ADDED ENTRY--TOPICAL TERM | |
| Topical term or geographic name entry element | KEYNESIAN ECONOMICS |
| 650 #0 - SUBJECT ADDED ENTRY--TOPICAL TERM | |
| Topical term or geographic name entry element | MACROECONOMICS |
| 995 ## - RECOMMENDATION 995 [LOCAL, UNIMARC FRANCE] | |
| -- | 0.00 |
| -- | CBU-MAIN LIBRARY (Kitwe) |
| -- | 1 |
| -- | 8.95 |
| -- | AVAILABLE |
| -- | Annex Low-Usage Collection |
| Withdrawn status | Lost status | Source of classification or shelving scheme | Damaged status | Not for loan | Home library | Current library | Shelving location | Date acquired | Total Checkouts | Full call number | Barcode | Date last seen | Price effective from | Koha item type |
|---|---|---|---|---|---|---|---|---|---|---|---|---|---|---|
| CBU-MAIN LIBRARY, KITWE. | CBU-MAIN LIBRARY, KITWE. | 11/30/2022 | HB 172.5 Saw | 001940 | 11/30/2022 | 11/30/2022 | MONOGRAPH |